Central Library OPAC University of Rajshahi

Micro-Finance as a Device for Developing Health Status of Beneficiaries: (Record no. 80607)

MARC details
000 -LEADER
fixed length control field 01053nam a2200253 a 4500
001 - CONTROL NUMBER
RUCL Control Number 80607
003 - CONTROL NUMBER IDENTIFIER
rucl marc code BD-RjUL
005 - DATE AND TIME OF LATEST TRANSACTION
control field 20230710122406.0
008 - FIXED-LENGTH DATA ELEMENTS--GENERAL INFORMATION
fixed length control field 221024s2012 bg a|||| m||| 00| 0 eng d
035 ## - SYSTEM CONTROL NUMBER
system control number (BD-RjUL)80607
040 ## - CATALOGING SOURCE
Original cataloging agency BD-RjUL
Language of cataloging eng
Transcribing agency BD-RjUL
Modifying agency BD-RjUL
041 ## - LANGUAGE CODE
Language code of Book eng
082 ## - DEWEY DECIMAL CLASSIFICATION NUMBER
DDC Edition number 23
Classification number 330
Author mark and Year RAM 2012
100 ## - MAIN ENTRY--PERSONAL NAME
Personal name Rahman, Md. Matiur
9 (RLIN) 5447
245 10 - TITLE STATEMENT
Title Micro-Finance as a Device for Developing Health Status of Beneficiaries:
Remainder of title A Study on Selected Branches of TMSS /
Statement of responsibility, etc By Md. Matiur Rahman ;
Name of Supervisor/Co-Supervisor Supervisor : Abhinaya Chandra Saha,Co-Supervisor : Md. Hasanath Ali
260 ## - PUBLICATION, DISTRIBUTION, ETC. (IMPRINT)
Place of publication, distribution, etc Rajshahi :
Name of publisher, distributor, etc Institute of Bangladesh Studies (IBS), University of Rajshahi
Date of publication, distribution, etc 2012
300 ## - PHYSICAL DESCRIPTION
Pagination [26], 345, ix leaves :
Other physical details ill.;
Dimensions 29 cm.
502 ## - DISSERTATION NOTE
Dissertation note Thesis(Ph.D.)-- Institute of Bangladesh Studies (IBS),University of Rajshahi,2012
504 ## - BIBLIOGRAPHY, ETC. NOTE
Bibliography, etc Bibliography : Leaves 330-345
650 ## - SUBJECT ADDED ENTRY--TOPICAL TERM
Topical term or geographic name as entry element Economics
General subdivision Micro-Finance
9 (RLIN) 5448
700 ## - ADDED ENTRY--SUPERVISOR/CO-SUPERVISOR NAME
Personal name Saha, Abhinaya Chandra, Supervisor
9 (RLIN) 1668
Personal name Ali, Md. Hasanath, Co-Supervisor
9 (RLIN) 5449
942 ## - ADDED ENTRY ELEMENTS (KOHA)
Source of classification or shelving scheme Dewey Decimal Classification
Koha item type Theses
Holdings
Source of classification or shelving scheme Damaged status Not for loan Collection code Permanent Location Current Location Shelving location Date of accession Source of acquisition Total Checkouts Full call number Barcode Date last seen Copy number Thesis
Dewey Decimal Classification   Not For Loan Theses Central Library, University of Rajshahi Central Library, University of Rajshahi Documentation Section 09/10/2013 Controller of Exam. R.U.   THE 330 RAM 2012 D3486 24/10/2022 C-1 Theses